| 000 | 00523nam a2200181Ia 4500 | ||
|---|---|---|---|
| 005 | 20250603145341.0 | ||
| 008 | 250603s9999 xx 000 0 und d | ||
| 020 | _a9789789286423 | ||
| 050 | _aP 94 .N6 .M43/ | ||
| 100 | _aEdited by Barigbon Gbara Nsereka; Harcourt Whyte Dike & Obiageli Pauline Ohiagu | ||
| 245 | 0 | _aMedia, governance and accountability in Nigeria | |
| 260 | _aIbadan | ||
| 260 | _bEvans Brothers (Nigeria Publishers) Ltd. | ||
| 260 | _c2023 | ||
| 300 | _a296 p | ||
| 650 | _aIbadan | ||
| 942 | _cBK | ||
| 999 |
_c41605 _d41605 |
||